00333nam a2200133Ia 4500008004100000020001000041040001600051041001200067082001600079100001700095245004500112260003100157300001100188230917s9999||||xx |||||||||||||| ||und|| cRS350 e33581aMAIN aEnglish a321.8 B291S aBasant Singh 0aSustainability: A democracy of resources aJaipurbGeographicalc1999 a218 p.